|
|
|
|
| LEADER |
00718cam a2200193 7i4500 |
| 001 |
0000004570 |
| 005 |
20230531090000.0 |
| 020 |
|
|
|a 9780521485609 (pbk.)
|
| 020 |
|
|
|a 0521485606 (pbk.)
|
| 090 |
0 |
0 |
|a P51
|b .T83 1996
|
| 100 |
1 |
|
|a Tudor, Ian
|
| 245 |
1 |
0 |
|a Learner-centredness as language education
|c Ian Tudor.
|
| 260 |
|
|
|a Cambridge:
|b Cambridge University Press,
|c 1996.
|
| 300 |
|
|
|a xvi, 279 p.;
|c 24 cm.
|
| 490 |
0 |
|
|a Cambridge language teaching library
|
| 504 |
|
|
|a Includes bibliographical references and index
|
| 650 |
0 |
0 |
|a Language and languages --
|x Study and teaching
|
| 997 |
|
|
|a Education & Social Sciences, Faculty
|b Language Education, Department
|
| 999 |
|
|
|a 0000007795
|b BOK
|c OPEN SHELF
|e 1st Floor, Bestari Jaya
|